Sports Quiz

Random Sports or World Cup Quiz

Women's World Cup Final Four Quiz Stats

 Plays Quiz Updated Jul 7, 2019

Score 0/32 Timer 01:30
3 Plays Today
Hint Answer % Correct
1991United States
99.5%
2019United States
99.5%
1995United States
99.5%
1999United States
99.5%
2003United States
99.5%
2007United States
99.5%
2011United States
99.5%
2015United States
99.5%
2019England
94.3%
2015England
94.1%
2019Sweden
92.6%
1991Sweden
92.5%
2003Sweden
92.5%
2011Sweden
92.5%
1991Germany
91.7%
1995Germany
91.7%
Hint Answer % Correct
2003Germany
91.7%
2007Germany
91.7%
2015Germany
91.7%
2019Netherlands
91.5%
2011France
89.3%
2011Japan
88.2%
2015Japan
88.2%
1999Brazil
84.5%
2007Brazil
84.5%
1995China PR
75.2%
1999China PR
75.2%
2003Canada
75.1%
1991Norway
74.3%
1995Norway
74.3%
1999Norway
74.3%
2007Norway
74.3%

You're not logged in!

Compare scores with friends on all Sporcle quizzes.
OR
Log In

Sporcle TV

Today on Sporcle TV


Watch our educational content, quiz creation guides, and fun videos on Sporcle TV.

Show Comments

Extras

Top Quizzes Today


Score Distribution

Your Account Isn't Verified!

In order to create a playlist on Sporcle, you need to verify the email address you used during registration. Go to your Sporcle Settings to finish the process.

Report this User

Report this user for behavior that violates our Community Guidelines.

Details: